[Event "2nd Tungsram it"]
[Site "Budapest HUN"]
[Date "1976.08.??"]
[Round "10"]
[White "Suetin, Alexei"]
[Black "Weinstein, Norman"]
[Result "1-0"]
[WhiteElo "2525"]
[BlackElo "2430"]
[EventDate "1976.08.04"]
[PlyCount "83"]

1.e4 c5 2.Nf3 d6 3.d4 cxd4 4.Nxd4 Nf6 5.Nc3 Nc6 6.Bg5 e6 7.Qd2 a6 8.O-O-O 
Bd7 9.f4 Be7 10.Nf3 b5 11.Bxf6 gxf6 12.Kb1 Qb6 13.f5 O-O-O 14.g3 Kb8 15.
fxe6 fxe6 16.Bh3 Bc8 17.Qh6 Qc5 18.Rhf1 Rhg8 19.Ne2 Rg6 20.Qc1 Bf8 21.c3 
Bh6 22.Qc2 Ne5 23.Nh4 Rg7 24.Nd4 Nc4 25.Ng2 e5 26.Ne6 Bxe6 27.Bxe6 Ne3 28.
Nxe3 Bxe3 29.Rxf6 Rg6 30.Rdf1 Rxf6 31.Rxf6 Bg5 32.Rf1 Bh6 33.a3 Rf8 34.Qe2
Rxf1+ 35.Qxf1 Qc7 36.Bd5 Be3 37.Qf8+ Ka7 38.h4 Kb6 39.Kc2 Bc5 40.Kd3 Bg1 
41.g4 Ka5 42.b4+ 1-0

[Event "2nd Tungsram it"]
[Site "Budapest HUN"]
[Date "1976.08.??"]
[Round "10"]
[White "Sax, Gyula"]
[Black "Honfi, Karoly"]
[Result "1-0"]
[WhiteElo "2530"]
[BlackElo "2460"]
[EventDate "1976.08.04"]
[PlyCount "113"]

1.e4 c5 2.Nf3 e6 3.d4 cxd4 4.Nxd4 a6 5.Bd3 Bc5 6.Nb3 Ba7 7.Qe2 Nc6 8.Be3 
Bxe3 9.Qxe3 Nge7 10.Nc3 d5 11.Qg3 O-O 12.O-O dxe4 13.Bxe4 e5 14.Rad1 Qc7 
15.f4 exf4 16.Rxf4 Ng6 17.Rf3 Qxg3 18.Rxg3 Nce5 19.Na4 Bg4 20.Re1 f5 21.
Bxb7 Rae8 22.Nd4 f4 23.Rc3 Nh4 24.Kf2 Bd7 25.Rxe5 Rxe5 26.Nc5 Bc8 27.Nd3 
Ree8 28.Bxc8 Rxc8 29.Rxc8 Rxc8 30.Nxf4 Nf5 31.Nfe2 Nxd4 32.Nxd4 Kf7 33.b3 
Rc3 34.Ke2 Kf6 35.Kd2 Rc5 36.c4 Rg5 37.g3 Rh5 38.Nf3 g5 39.b4 g4 40.Nh4 
Ke5 41.Kc3 Rh6 42.a4 Rf6 43.b5 a5 44.c5 Rf1 45.c6 Kd6 46.Ng2 Ra1 47.Ne3 
Rxa4 48.Nc4+ Kc5 49.Nb2 Re4 50.c7 Re8 51.Nc4 a4 52.b6 Kc6 53.Kb4 Ra8 54.
Nd6 Kxb6 55.c8=Q Rxc8 56.Nxc8+ Kc7 57.Ne7 1-0

[Event "2nd Tungsram it"]
[Site "Budapest HUN"]
[Date "1976.08.??"]
[Round "11"]
[White "Weinstein, Norman"]
[Black "Sax, Gyula"]
[Result "0-1"]
[WhiteElo "2430"]
[BlackElo "2530"]
[EventDate "1976.08.04"]
[PlyCount "68"]

1.Nf3 g6 2.e4 Bg7 3.d4 d6 4.Be2 Nf6 5.Nc3 O-O 6.O-O Nc6 7.d5 Nb4 8.h3 a5 
9.Re1 e6 10.a3 Na6 11.dxe6 Bxe6 12.Bf4 Nc5 13.Bf1 Re8 14.Qd2 d5 15.exd5 
Nxd5 16.Bg5 Qd6 17.Nb5 Qb6 18.Rab1 a4 19.Nfd4 Bd7 20.Nf3 Bc6 21.c4 Ne4 22.
Qc2 Nxg5 23.Nxg5 h6 24.cxd5 Bxb5 25.Bxb5 Qxb5 26.Nxf7 Kxf7 27.Qxc7+ Kg8 
28.d6 Be5 29.Qc2 Re6 30.Rbd1 Rd8 31.Qc7 Qd7 32.Qc4 Qf7 33.f4 Rexd6 34.
Qxf7+ Kxf7 0-1

[Event "2nd Tungsram it"]
[Site "Budapest HUN"]
[Date "1976.08.??"]
[Round "11"]
[White "Kholmov, Ratmir"]
[Black "Haag, Ervin"]
[Result "1-0"]
[WhiteElo "2550"]
[BlackElo "2430"]
[EventDate "1976.08.04"]
[PlyCount "43"]

1.Nf3 Nf6 2.g3 d5 3.c4 c6 4.Qc2 dxc4 5.Qxc4 Be6 6.Qa4 Bd5 7.Bg2 e5 8.Nc3 
Bxf3 9.Bxf3 Bc5 10.b4 Bd4 11.Rb1 O-O 12.b5 Re8 13.bxc6 bxc6 14.O-O e4 15.
Bg2 Re6 16.Bb2 Bxc3 17.Bxc3 Nbd7 18.Qc2 Qc7 19.Rb4 c5 20.Bxf6 Nxf6 21.Bxe4
Rae8 22.Bf3 1-0

[Event "2nd Tungsram it"]
[Site "Budapest HUN"]
[Date "1976.08.??"]
[Round "11"]
[White "Mednis, Edmar John"]
[Black "Vadasz, Laszlo"]
[Result "1-0"]
[WhiteElo "2435"]
[BlackElo "2465"]
[EventDate "1976.08.04"]
[PlyCount "62"]

1.e4 d6 2.d4 Nf6 3.Nc3 g6 4.f4 Bg7 5.Nf3 O-O 6.Bd3 Na6 7.e5 Nd7 8.Ne4 Nb4 
9.Be2 Nb6 10.c3 Bf5 11.Nfg5 d5 12.Ng3 Nc2+ 13.Kf2 Nxa1 14.Nxf5 gxf5 15.Bd3
h6 16.Bxf5 e6 17.Bh7+ Kh8 18.Bb1 f5 19.Nxe6 Qe7 20.Nxf8 Rxf8 21.Bd3 c5 22.
Be3 cxd4 23.cxd4 Nc4 24.Qxa1 Nxe3 25.Kxe3 b5 26.Qd1 a6 27.g3 Qf7 28.Qc2 h5
29.Rc1 h4 30.Qg2 hxg3 31.hxg3 Kg8 1-0

[Event "2nd Tungsram it"]
[Site "Budapest HUN"]
[Date "1976.08.??"]
[Round "11"]
[White "Barczay, Laszlo"]
[Black "Vogt, Lothar"]
[Result "1/2-1/2"]
[WhiteElo "2485"]
[BlackElo "2480"]
[EventDate "1976.08.04"]
[PlyCount "124"]

1.e4 c5 2.Nf3 e6 3.d4 cxd4 4.Nxd4 Nf6 5.Nc3 d6 6.Be2 Be7 7.O-O O-O 8.Be3 
Nc6 9.f4 e5 10.Nxc6 bxc6 11.fxe5 dxe5 12.Qxd8 Bxd8 13.Kh1 Be6 14.h3 Ba5 
15.Bd3 Bb6 16.Bg5 Nd7 17.Na4 Bd8 18.Be3 Be7 19.Rfd1 Rfd8 20.b3 a5 21.Kg1 
h5 22.Kf1 g6 23.Ke2 f6 24.Rd2 Kf7 25.Rad1 h4 26.Rf1 Kg7 27.c3 Rac8 28.Rfd1
Rb8 29.Nb2 Nc5 30.Bxc5 Bxc5 31.Bc4 Rxd2+ 32.Rxd2 Bc8 33.Bd3 Kf7 34.Nc4 Ra8
35.Kd1 Be6 36.Be2 Ke7 37.Nb2 Be3 38.Rd3 Ba7 39.Bg4 f5 40.Bf3 Rc8 41.Rd2 
Kf6 42.Ke2 Bc5 43.Rd1 Ba7 44.Rf1 Rc7 45.Rd1 Rc8 46.Rd3 Bc5 47.Rd2 Ba7 48.
Ke1 Bb6 49.Re2 Bc5 50.Nd3 Bd6 51.Rd2 Bf8 52.Nb2 Bc5 53.Nd3 Bf8 54.Re2 Bd6 
55.Nb2 Bc5 56.Rd2 Be3 57.Rd1 Bc5 58.Ke2 Be7 59.Na4 Rc7 60.Ke3 Rc8 61.Kf2 
Kg5 62.Nb2 Kf6 1/2-1/2

[Event "2nd Tungsram it"]
[Site "Budapest HUN"]
[Date "1976.08.??"]
[Round "11"]
[White "Pinter, Jozsef"]
[Black "Szekely, Peter"]
[Result "1/2-1/2"]
[WhiteElo "2420"]
[BlackElo "2460"]
[EventDate "1976.08.04"]
[PlyCount "23"]

1.e4 c5 2.Nf3 d6 3.d4 cxd4 4.Nxd4 Nf6 5.Nc3 a6 6.Bg5 e6 7.Qd3 Nbd7 8.O-O-O
b5 9.f4 Bb7 10.a3 Be7 11.Qg3 Rc8 12.Bd3 1/2-1/2

[Event "2nd Tungsram it"]
[Site "Budapest HUN"]
[Date "1976.08.??"]
[Round "11"]
[White "Tatai, Stefano"]
[Black "Spiridonov, Nikola"]
[Result "0-1"]
[WhiteElo "2465"]
[BlackElo "2490"]
[EventDate "1976.08.04"]
[PlyCount "81"]

1.e4 c5 2.Nf3 d6 3.d4 cxd4 4.Nxd4 Nf6 5.Nc3 g6 6.Be3 Bg7 7.f3 Nc6 8.Qd2 
O-O 9.Bc4 Bd7 10.h4 Rc8 11.Bb3 Ne5 12.O-O-O Nc4 13.Bxc4 Rxc4 14.g4 Qa5 15.
h5 Rfc8 16.Nb3 Qa6 17.hxg6 hxg6 18.e5 Nxg4 19.fxg4 Bxg4 20.Rdf1 dxe5 21.
Bc5 Qe6 22.Kb1 b6 23.Ba3 Bf5 24.Ka1 e4 25.Nd5 Rxc2 26.Rc1 Rxc1+ 27.Rxc1 
Rxc1+ 28.Nxc1 e3 29.Nxe3 Bh6 30.Qd8+ Kh7 31.Nxf5 Qxf5 32.Bxe7 Qf4 33.a4 
Qxc1+ 34.Ka2 Bg7 35.Ba3 Qc4+ 36.Kb1 Qe4+ 37.Ka2 Qc4+ 38.Kb1 Qe4+ 39.Ka2 
Qe6+ 40.Kb1 Qf5+ 41.Ka2 0-1

[Event "2nd Tungsram it"]
[Site "Budapest HUN"]
[Date "1976.08.??"]
[Round "12"]
[White "Jansa, Vlastimil"]
[Black "Spiridonov, Nikola"]
[Result "1-0"]
[WhiteElo "2490"]
[BlackElo "2490"]
[EventDate "1976.08.04"]
[PlyCount "78"]

1.c4 c5 2.Nf3 g6 3.e4 Nc6 4.d4 cxd4 5.Nxd4 Nf6 6.Nc3 d6 7.Be2 Nxd4 8.Qxd4 
Bg7 9.Be3 O-O 10.Qd3 Be6 11.O-O Qa5 12.Bd4 Rfc8 13.b3 Nd7 14.Bxg7 Kxg7 15.
f4 Nf6 16.Rae1 a6 17.f5 Bd7 18.fxg6 hxg6 19.Nd5 Nxd5 20.exd5 Rc7 21.Qd4+ 
Kg8 22.Bd3 Be8 23.Bxg6 Qc5 24.Qxc5 dxc5 25.Bh5 Rd8 26.Re3 Rd6 27.Ref3 e5 
28.Rf6 Rxf6 29.Rxf6 Re7 30.Rb6 e4 31.d6 Re5 32.Rxb7 Kg7 33.Bxf7 Bxf7 34.d7
e3 35.Kf1 e2+ 36.Ke1 Re7 37.d8=Q Rxb7 38.Kxe2 Bg6 39.Qd6 Kf7 1-0

[Event "2nd Tungsram it"]
[Site "Budapest HUN"]
[Date "1976.08.??"]
[Round "12"]
[White "Szekely, Peter"]
[Black "Tatai, Stefano"]
[Result "1/2-1/2"]
[WhiteElo "2460"]
[BlackElo "2465"]
[EventDate "1976.08.04"]
[PlyCount "48"]

1.Nf3 Nf6 2.c4 e6 3.g3 b6 4.Bg2 Bb7 5.O-O Be7 6.b3 d5 7.cxd5 exd5 8.Bb2 
O-O 9.d4 Ne4 10.Nbd2 Re8 11.Rc1 Bd6 12.Ne5 f6 13.Nxe4 dxe4 14.Nc4 Na6 15.
Qd2 Bd5 16.Ne3 Bf7 17.d5 Nc5 18.Rc4 a5 19.Bh3 c6 20.Rd1 cxd5 21.Nxd5 Nd3 
22.exd3 Bxd5 23.Rcc1 Bb4 24.Qe3 Qe7 1/2-1/2

[Event "2nd Tungsram it"]
[Site "Budapest HUN"]
[Date "1976.08.??"]
[Round "12"]
[White "Vadasz, Laszlo"]
[Black "Barczay, Laszlo"]
[Result "1-0"]
[WhiteElo "2465"]
[BlackElo "2485"]
[EventDate "1976.08.04"]
[PlyCount "81"]

1.Nf3 g6 2.e4 Bg7 3.d4 d6 4.Nc3 Nf6 5.Be2 O-O 6.O-O Nc6 7.Be3 e5 8.dxe5 
Nxe5 9.Nxe5 dxe5 10.Qxd8 Rxd8 11.Nb5 Bd7 12.f3 Bxb5 13.Bxb5 Nd7 14.Rfd1 
Nb6 15.Rxd8+ Rxd8 16.a4 a6 17.Be2 Bf8 18.Kf1 Be7 19.c3 a5 20.b3 Kf8 21.Rd1
Rxd1+ 22.Bxd1 Ke8 23.Ke2 Kd7 24.Kd3 Nc8 25.Bd2 c5 26.f4 Ke6 27.fxe5 Kxe5 
28.g3 Nd6 29.Bf4+ Ke6 30.e5 Nf5 31.Ke4 f6 32.Be2 fxe5 33.Bc4+ Kd7 34.Kxe5 
Bd6+ 35.Kf6 Be7+ 36.Ke5 Bd6+ 37.Kf6 Be7+ 38.Kf7 Nd6+ 39.Kg7 Nxc4 40.bxc4 
g5 41.Bd2 1-0

[Event "2nd Tungsram it"]
[Site "Budapest HUN"]
[Date "1976.08.??"]
[Round "12"]
[White "Haag, Ervin"]
[Black "Mednis, Edmar John"]
[Result "1/2-1/2"]
[WhiteElo "2430"]
[BlackElo "2435"]
[EventDate "1976.08.04"]
[PlyCount "33"]

1.e4 c5 2.Nf3 Nc6 3.d4 cxd4 4.Nxd4 Nf6 5.Nc3 d6 6.Bg5 e6 7.Qd2 a6 8.O-O-O 
Bd7 9.f4 b5 10.Nxc6 Bxc6 11.Qe3 Be7 12.Bxf6 Bxf6 13.e5 Be7 14.exd6 Bxd6 
15.Qd4 Bf8 16.Qe3 Bd6 17.Qd4 1/2-1/2

[Event "2nd Tungsram it"]
[Site "Budapest HUN"]
[Date "1976.08.??"]
[Round "12"]
[White "Suetin, Alexei"]
[Black "Kholmov, Ratmir"]
[Result "0-1"]
[WhiteElo "2525"]
[BlackElo "2550"]
[EventDate "1976.08.04"]
[PlyCount "100"]

1.e4 c6 2.d4 d5 3.Nc3 dxe4 4.Nxe4 Nd7 5.Bc4 Ngf6 6.Ng5 e6 7.Qe2 Nb6 8.Bd3 
h6 9.N5f3 c5 10.dxc5 Bxc5 11.Ne5 Nbd7 12.Ngf3 Qc7 13.Bd2 Nxe5 14.Nxe5 
Bxf2+ 15.Kxf2 Qxe5 16.Qf3 O-O 17.Rae1 Qd5 18.Rhg1 Qd4+ 19.Kf1 Ng4 20.Qf4 
Qxf4+ 21.Bxf4 Bd7 22.h3 Nf6 23.g4 Nd5 24.Bd2 b5 25.h4 f6 26.Kg2 Rac8 27.
Kg3 Kf7 28.Rgf1 Rfe8 29.a3 Bc6 30.Rf2 e5 31.Ree2 Nb6 32.Bf5 Bd7 33.Be4 Nc4
34.Bc1 Nd6 35.Bd5+ Be6 36.Bf3 h5 37.g5 Rh8 38.gxf6 gxf6 39.b3 Nf5+ 40.Kh2 
Nd4 41.Rd2 Nxb3 42.cxb3 Rxc1 43.Be2 Rc3 44.Rd3 Rxd3 45.Bxd3 Bxb3 46.Bxb5 
Be6 47.Be2 Bg4 48.Bc4+ Ke7 49.Rb2 Rc8 50.Ba6 Rc3 0-1

[Event "2nd Tungsram it"]
[Site "Budapest HUN"]
[Date "1976.08.??"]
[Round "12"]
[White "Sax, Gyula"]
[Black "Westerinen, Heikki"]
[Result "1/2-1/2"]
[WhiteElo "2530"]
[BlackElo "2485"]
[EventDate "1976.08.04"]
[PlyCount "112"]

1.e4 e5 2.Nc3 Nf6 3.g3 Bb4 4.Bg2 O-O 5.Nge2 c6 6.O-O d5 7.exd5 Nxd5 8.Nxd5
cxd5 9.d4 e4 10.c3 Be7 11.Qb3 b6 12.Nf4 Bb7 13.f3 Bg5 14.fxe4 Bxf4 15.Rxf4
dxe4 16.Bxe4 Bxe4 17.Rxe4 Nd7 18.Bf4 Nf6 19.Re5 Qd7 20.Qb5 Qb7 21.Rae1 h6 
22.Qf1 Qc6 23.Qb5 Qb7 24.d5 Rfd8 25.c4 a6 26.Qb4 b5 27.b3 Rac8 28.Re7 Rd7 
29.d6 Qb6+ 30.c5 Qxc5+ 31.Qxc5 Rxc5 32.Rxd7 Nxd7 33.Re7 Nf8 34.Ra7 Rd5 35.
Rxa6 Ne6 36.Be3 f5 37.Kf2 Kf7 38.Ra5 g5 39.a4 f4 40.gxf4 gxf4 41.Bb6 Rxd6 
42.Rxb5 Ng5 43.h4 Ne4+ 44.Kf3 Nc3 45.Rb4 Rd3+ 46.Kf2 Nd5 47.Rb5 Ke6 48.a5 
Nc3 49.Rb4 Nd5 50.Re4+ Kd6 51.b4 Nxb6 52.axb6 Kc6 53.Re6+ Kb7 54.Rxh6 Rh3 
55.Kg2 Rg3+ 56.Kh2 Rg4 1/2-1/2

[Event "2nd Tungsram it"]
[Site "Budapest HUN"]
[Date "1976.08.??"]
[Round "12"]
[White "Honfi, Karoly"]
[Black "Weinstein, Norman"]
[Result "1-0"]
[WhiteElo "2460"]
[BlackElo "2430"]
[EventDate "1976.08.04"]
[PlyCount "93"]

1.e4 c5 2.Nf3 d6 3.d4 cxd4 4.Nxd4 Nf6 5.Nc3 a6 6.f4 e6 7.Be2 Be7 8.O-O O-O
9.Kh1 Nc6 10.Be3 Qc7 11.a4 Re8 12.Bf3 Nxd4 13.Qxd4 e5 14.Qd2 exf4 15.Bxf4 
Be6 16.Rfd1 Red8 17.a5 Rac8 18.h3 Qc5 19.Be3 Qe5 20.Bf4 Qc5 21.Ra4 Bd7 22.
Rd4 Be8 23.Bxd6 Bxd6 24.Rxd6 Rxd6 25.Qxd6 Qxd6 26.Rxd6 Rc5 27.e5 Rxe5 28.
Bxb7 Rxa5 29.Rxa6 Rc5 30.Ra8 Kf8 31.Rc8 Rxc8 32.Bxc8 Ke7 33.Bb7 Kd6 34.Kg1
Kc5 35.Ne4+ Nxe4 36.Bxe4 g6 37.c3 Ba4 38.Bd3 Bb3 39.Kf2 Kd5 40.Ke3 Ke5 41.
c4 f5 42.Be2 g5 43.Kd3 Kf4 44.Kc3 Ba4 45.b4 Bc6 46.g4 Ke3 47.gxf5 1-0

[Event "2nd Tungsram it"]
[Site "Budapest HUN"]
[Date "1976.08.??"]
[Round "13"]
[White "Weinstein, Norman"]
[Black "Jansa, Vlastimil"]
[Result "1/2-1/2"]
[WhiteElo "2430"]
[BlackElo "2490"]
[EventDate "1976.08.04"]
[PlyCount "21"]

1.e4 c5 2.Nf3 e6 3.c3 d5 4.exd5 exd5 5.d4 a6 6.Bg5 Be7 7.Bxe7 Qxe7+ 8.Be2 
Nf6 9.O-O O-O 10.Re1 cxd4 11.Nxd4 1/2-1/2

[Event "2nd Tungsram it"]
[Site "Budapest HUN"]
[Date "1976.08.??"]
[Round "13"]
[White "Westerinen, Heikki"]
[Black "Honfi, Karoly"]
[Result "1/2-1/2"]
[WhiteElo "2485"]
[BlackElo "2460"]
[EventDate "1976.08.04"]
[PlyCount "129"]

1.e4 c5 2.Nf3 e6 3.d4 cxd4 4.Nxd4 a6 5.Bd3 Bc5 6.Nb3 Ba7 7.O-O Nc6 8.Qe2 
d6 9.Be3 Bxe3 10.Qxe3 Nf6 11.Nc3 O-O 12.Rad1 b5 13.Be2 Qc7 14.f4 Bb7 15.
Bf3 b4 16.Na4 e5 17.Qb6 Qb8 18.fxe5 Nd7 19.Qf2 Ncxe5 20.Nb6 Nxb6 21.Qxb6 
Nc4 22.Qd4 Qa7 23.Rf2 Rfc8 24.Be2 Qxd4 25.Rxd4 Nxb2 26.Rxb4 Rcb8 27.Na5 
Bc8 28.Rxb8 Rxb8 29.Nc6 Ra8 30.e5 dxe5 31.Bf3 Kf8 32.Nxe5 Ra7 33.c4 Na4 
34.Rd2 Rc7 35.Bc6 Nc5 36.Rd8+ Ke7 37.Re8+ Kf6 38.Bd5 Be6 39.Bxe6 Nxe6 40.
Ng4+ Kf5 41.Ne3+ Ke4 42.Kf2 Rb7 43.Nd1 Kd4 44.Ra8 Nc5 45.Kf3 Kxc4 46.Ne3+ 
Kb4 47.Rc8 Ne6 48.Ra8 Nc7 49.Rh8 Ka3 50.Rxh7 Ne6 51.Rh5 Nd4+ 52.Ke4 Nb5 
53.Rh7 g6 54.Kd5 Kxa2 55.Kc6 Re7 56.Nd5 Nd4+ 57.Kb6 Re6+ 58.Kb7 Nc6 59.Nc7
Rf6 60.Kxa6 Kb3 61.Kb7 Ne5 62.Kc8 Rd6 63.Rh3+ Kc2 64.Re3 Ng4 65.Re7 
1/2-1/2

[Event "2nd Tungsram it"]
[Site "Budapest HUN"]
[Date "1976.08.??"]
[Round "13"]
[White "Mednis, Edmar John"]
[Black "Suetin, Alexei"]
[Result "0-1"]
[WhiteElo "2435"]
[BlackElo "2525"]
[EventDate "1976.08.04"]
[PlyCount "80"]

1.e4 c5 2.Nf3 d6 3.d4 cxd4 4.Nxd4 Nf6 5.Nc3 a6 6.Be2 g6 7.Be3 Bg7 8.O-O 
O-O 9.Nb3 Nbd7 10.Qd2 b5 11.f3 Bb7 12.a4 b4 13.Na2 a5 14.c3 bxc3 15.Nxc3 
Ne5 16.Rfd1 Nc6 17.Rac1 Qb8 18.Nb5 Nd7 19.Kh1 Rd8 20.Bc4 Nc5 21.Nxc5 dxc5 
22.Qf2 Qe5 23.Bxc5 Qxb2 24.Qxb2 Bxb2 25.Rb1 Be5 26.Bb6 Rxd1+ 27.Rxd1 Kf8 
28.Kg1 h5 29.g3 g5 30.Be3 Bf6 31.Be2 Ne5 32.Bb6 Ra6 33.Bc7 Rc6 34.Rd8+ Kg7
35.Rb8 Rc2 36.Kf1 Ba6 37.Bxa5 Nc6 38.Rb6 Bc8 39.Be1 Bh3+ 40.Kf2 Nd4 0-1

[Event "2nd Tungsram it"]
[Site "Budapest HUN"]
[Date "1976.08.??"]
[Round "13"]
[White "Barczay, Laszlo"]
[Black "Haag, Ervin"]
[Result "1/2-1/2"]
[WhiteElo "2485"]
[BlackElo "2430"]
[EventDate "1976.08.04"]
[PlyCount "116"]

1.e4 e5 2.Nf3 Nc6 3.Bb5 Nf6 4.O-O Nxe4 5.d4 a6 6.Bxc6 dxc6 7.Qe2 Bf5 8.
dxe5 Be7 9.Rd1 Qc8 10.Bf4 Nc5 11.Nbd2 O-O 12.Nf1 Re8 13.Ne3 Bg6 14.h3 Na4 
15.c3 b5 16.Rac1 c5 17.b3 Nb6 18.c4 c6 19.Ne1 Qe6 20.Nd3 Rad8 21.Bg3 Bxd3 
22.Rxd3 Rxd3 23.Qxd3 Rd8 24.Qc3 b4 25.Qc2 g6 26.f4 f5 27.Bf2 Rd4 28.g3 h5 
29.Ng2 Rd8 30.Rd1 Rxd1+ 31.Qxd1 Nd7 32.Ne3 Nf8 33.g4 hxg4 34.hxg4 fxg4 35.
Nxg4 Kg7 36.Qf3 Kf7 37.Nh6+ Kg7 38.Be3 Nd7 39.Qg2 Nf8 40.Ng4 Kf7 41.Kf2 
Ke8 42.Kg3 Kd8 43.Qe4 Nd7 44.Nf2 Kc7 45.Ng4 a5 46.Qd3 Bf8 47.Nf2 Be7 48.
Ng4 Kb6 49.Bf2 Kc7 50.Kf3 Kc8 51.Bg3 Nf8 52.Qe4 Kd7 53.Bf2 Ke8 54.Qd3 Kf7 
55.Bg3 Ke8 56.Qe4 Kd7 57.Qd3+ Ke8 58.Bf2 Kf7 1/2-1/2

[Event "2nd Tungsram it"]
[Site "Budapest HUN"]
[Date "1976.08.??"]
[Round "13"]
[White "Pinter, Jozsef"]
[Black "Vadasz, Laszlo"]
[Result "1/2-1/2"]
[WhiteElo "2420"]
[BlackElo "2465"]
[EventDate "1976.08.04"]
[PlyCount "29"]

1.d4 d5 2.c4 c6 3.cxd5 cxd5 4.Nc3 Nf6 5.Nf3 Nc6 6.Bf4 e6 7.e3 Bd6 8.Bxd6 
Qxd6 9.Bd3 O-O 10.O-O Bd7 11.Rc1 Rfc8 12.Qe2 Nb4 13.Bb1 Qa6 14.Qxa6 Nxa6 
15.a3 1/2-1/2

[Event "2nd Tungsram it"]
[Site "Budapest HUN"]
[Date "1976.08.??"]
[Round "13"]
[White "Tatai, Stefano"]
[Black "Vogt, Lothar"]
[Result "0-1"]
[WhiteElo "2465"]
[BlackElo "2480"]
[EventDate "1976.08.04"]
[PlyCount "82"]

1.e4 e5 2.Nf3 Nc6 3.Bb5 a6 4.Ba4 Nf6 5.O-O Be7 6.d4 exd4 7.Re1 O-O 8.e5 
Ne8 9.Bxc6 dxc6 10.Nxd4 c5 11.Nb3 Qxd1 12.Rxd1 Bg4 13.f3 Bf5 14.c4 b6 15.
Nc3 c6 16.Bf4 Nc7 17.Na4 Ne6 18.Be3 Rab8 19.g4 Bc2 20.Rd7 Rfe8 21.Rc1 Bxb3
22.axb3 f6 23.Ra7 a5 24.Rd1 Nd4 25.Bxd4 cxd4 26.exf6 Bxf6 27.Ra6 Rbd8 28.
Rxb6 d3 29.Kf1 Re3 30.Rxc6 d2 31.c5 Bh4 32.Nc3 Re1+ 33.Kg2 Bf6 34.Rxf6 
gxf6 35.Kf2 Rxd1 36.Nxd1 Kf7 37.c6 Ke6 38.c7 Rc8 39.Ke2 Rxc7 40.Kxd2 Rd7+ 
41.Kc2 Ke5 0-1

[Event "2nd Tungsram it"]
[Site "Budapest HUN"]
[Date "1976.08.??"]
[Round "14"]
[White "Jansa, Vlastimil"]
[Black "Szekely, Peter"]
[Result "1/2-1/2"]
[WhiteElo "2490"]
[BlackElo "2460"]
[EventDate "1976.08.04"]
[PlyCount "30"]

1.c4 Nf6 2.Nf3 g6 3.Nc3 Bg7 4.e4 d6 5.d4 O-O 6.h3 e5 7.d5 Nbd7 8.Bg5 h6 9.
Be3 Nh5 10.Qd2 Kh7 11.O-O-O a6 12.Bd3 Qe7 13.g4 Nf4 14.Bxf4 exf4 15.Qxf4 
Ne5 1/2-1/2

[Event "2nd Tungsram it"]
[Site "Budapest HUN"]
[Date "1976.08.??"]
[Round "14"]
[White "Vogt, Lothar"]
[Black "Spiridonov, Nikola"]
[Result "1-0"]
[WhiteElo "2480"]
[BlackElo "2490"]
[EventDate "1976.08.04"]
[PlyCount "61"]

1.Nf3 Nf6 2.c4 g6 3.Nc3 d5 4.cxd5 Nxd5 5.g3 Bg7 6.Bg2 O-O 7.O-O Nc6 8.d4 
Nb6 9.e3 e5 10.d5 Ne7 11.e4 Bg4 12.h3 Bxf3 13.Qxf3 c6 14.Bg5 h6 15.Bf6 
cxd5 16.exd5 Bxf6 17.Qxf6 Nd7 18.Qf3 Nf5 19.Rad1 Qb6 20.d6 Rab8 21.Rd2 Kg7
22.Kh2 Rfe8 23.Qd1 Re6 24.Bd5 Ree8 25.Be4 Nd4 26.f4 f5 27.Bg2 Nc6 28.Nd5 
Qa5 29.Nc7 Rg8 30.Rd5 Qb4 31.Rb5 1-0

[Event "2nd Tungsram it"]
[Site "Budapest HUN"]
[Date "1976.08.??"]
[Round "14"]
[White "Vadasz, Laszlo"]
[Black "Tatai, Stefano"]
[Result "1-0"]
[WhiteElo "2465"]
[BlackElo "2465"]
[EventDate "1976.08.04"]
[PlyCount "135"]

1.Nf3 Nf6 2.g3 b5 3.Bg2 Bb7 4.d3 e6 5.c3 c5 6.a4 b4 7.cxb4 cxb4 8.a5 Be7 
9.O-O O-O 10.Nbd2 Na6 11.Nb3 Nc5 12.Nxc5 Bxc5 13.Be3 Bxe3 14.fxe3 Rb8 15.
Qd2 Ba8 16.e4 Rb5 17.Nd4 Rxa5 18.Qxb4 Rxa1 19.Rxa1 Ng4 20.Nf3 Qb6+ 21.Qxb6
axb6 22.Ra7 Rd8 23.h3 Nf6 24.Ne5 Kf8 25.g4 h6 26.Kf2 Bc6 27.Ke3 Ke8 28.Bf3
Rc8 29.b4 Ng8 30.Nc4 Ke7 31.e5 Bb5 32.Nxb6 Rb8 33.Rb7 Rxb7 34.Bxb7 f6 35.
Nc8+ Kd8 36.Nd6 Ba4 37.d4 fxe5 38.dxe5 Ne7 39.Be4 Nc6 40.Bxc6 dxc6 41.h4 
Kd7 42.Ne4 Bb5 43.Nc5+ Ke7 44.Nb3 Bc4 45.Na5 Bb5 46.g5 hxg5 47.hxg5 Kd7 
48.Kd2 Kc7 49.e3 Kb6 50.Nb3 Bc4 51.Nc5 Bd5 52.Kc3 Ba2 53.Ne4 Bb1 54.Nd2 
Bg6 55.Nc4+ Kb5 56.Nd6+ Kb6 57.Kc4 Bh5 58.Ne4 Be2+ 59.Kd4 Bg4 60.Nf6 Bd1 
61.Ne8 g6 62.Nd6 Bh5 63.Ne4 Kb5 64.Kc3 Bf3 65.Nc5 Bg4 66.e4 Bh3 67.Nd7 Bg4
68.Nf8 1-0

[Event "2nd Tungsram it"]
[Site "Budapest HUN"]
[Date "1976.08.??"]
[Round "14"]
[White "Haag, Ervin"]
[Black "Pinter, Jozsef"]
[Result "1/2-1/2"]
[WhiteElo "2430"]
[BlackElo "2420"]
[EventDate "1976.08.04"]
[PlyCount "85"]

1.e4 e5 2.Nf3 Nc6 3.Bb5 a6 4.Ba4 Nf6 5.O-O Be7 6.Re1 b5 7.Bb3 O-O 8.a4 Bb7
9.d3 d6 10.Bd2 b4 11.Bg5 Na5 12.Ba2 h6 13.Bh4 c5 14.Nbd2 Bc8 15.Bxf6 Bxf6 
16.Bd5 Rb8 17.Nf1 Be6 18.Ne3 Qd7 19.Nd2 Bg5 20.Ndc4 Bxe3 21.Nxa5 Bd4 22.
Qc1 f5 23.Bxe6+ Qxe6 24.c3 bxc3 25.bxc3 Bxf2+ 26.Kxf2 fxe4+ 27.Kg1 exd3 
28.c4 Qg4 29.Qc3 e4 30.Nc6 Rbe8 31.Re3 Rf3 32.Qd2 Qg5 33.Rae1 Rxe3 34.Rxe3
d5 35.h4 Qf5 36.Rg3 d4 37.Qxh6 Qf7 38.Qg5 e3 39.Ne5 Qf2+ 40.Kh2 Qxg3+ 41.
Kxg3 d2 42.Qh5 Rxe5 43.Qxe5 1/2-1/2

[Event "2nd Tungsram it"]
[Site "Budapest HUN"]
[Date "1976.08.??"]
[Round "14"]
[White "Sax, Gyula"]
[Black "Mednis, Edmar John"]
[Result "0-1"]
[WhiteElo "2530"]
[BlackElo "2435"]
[EventDate "1976.08.04"]
[PlyCount "76"]

1.e4 e6 2.d4 d5 3.Nc3 Bb4 4.e5 c5 5.Qg4 Ne7 6.Nf3 Nbc6 7.Bd2 O-O 8.Bd3 f5 
9.exf6 Rxf6 10.Qh5 h6 11.a3 Ba5 12.O-O-O cxd4 13.Ne2 Bb6 14.h4 Bd7 15.Bg5 
Qe8 16.Qg4 e5 17.Qg3 Re6 18.c4 dxc3 19.Nxc3 e4 20.Nxe4 Nf5 21.Qf4 Rxe4 22.
Bxe4 dxe4 23.g4 Nfd4 24.Nxd4 Nxd4 25.Kb1 Bc6 26.Rh3 Qg6 27.Qe3 Nf3 28.Qb3+
Qf7 29.Qxf7+ Kxf7 30.Be3 Bxe3 31.fxe3 Ke6 32.h5 Rf8 33.Rg3 Ng5 34.Rg2 Rf3 
35.Re1 a6 36.b4 Rf8 37.Rc2 Nf3 38.Rd1 Ba4 0-1

[Event "2nd Tungsram it"]
[Site "Budapest HUN"]
[Date "1976.08.??"]
[Round "14"]
[White "Weinstein, Norman"]
[Black "Westerinen, Heikki"]
[Result "1-0"]
[WhiteElo "2430"]
[BlackElo "2485"]
[EventDate "1976.08.04"]
[PlyCount "39"]

1.Nf3 Nf6 2.g3 g6 3.Bg2 Bg7 4.O-O O-O 5.d3 d5 6.Nbd2 c5 7.e4 Nc6 8.c3 h6 
9.Re1 Be6 10.exd5 Nxd5 11.Nb3 b6 12.d4 c4 13.Nbd2 Rc8 14.Rxe6 fxe6 15.Nxc4
Nxd4 16.Nxd4 Rxc4 17.Qd3 Rc8 18.Nxe6 Nxc3 19.Nxd8 Rfxd8 20.Qe3 1-0

[Event "2nd Tungsram it"]
[Site "Budapest HUN"]
[Date "1976.08.??"]
[Round "15"]
[White "Westerinen, Heikki"]
[Black "Jansa, Vlastimil"]
[Result "0-1"]
[WhiteElo "2485"]
[BlackElo "2490"]
[EventDate "1976.08.04"]
[PlyCount "88"]

1.e4 c5 2.Nf3 e6 3.b3 d6 4.Bb2 Nc6 5.Bd3 Nf6 6.O-O Be7 7.Re1 O-O 8.Na3 b6 
9.c3 Bb7 10.Rc1 a6 11.Bb1 b5 12.d4 cxd4 13.cxd4 d5 14.e5 Ne4 15.Nc2 Rc8 
16.Nd2 Nb4 17.Qe2 Nxc2 18.Rxc2 Rxc2 19.Bxc2 Qa5 20.Nxe4 dxe4 21.Ra1 Ba3 
22.Bxa3 Qxa3 23.Bxe4 Bxe4 24.Qxe4 Qb2 25.Rd1 Qxa2 26.Qf3 Rd8 27.Qc3 h6 28.
g3 Qe2 29.Qd3 Qxd3 30.Rxd3 Kf8 31.Kg2 a5 32.Kf3 a4 33.bxa4 bxa4 34.Ke3 Ra8
35.Ra3 Ke7 36.Kd3 Kd7 37.f4 h5 38.Kc4 Kc6 39.h3 g6 40.h4 Ra7 41.Kb4 Kd5 
42.Kb5 Rb7+ 43.Ka5 Rb3 44.Rxa4 Rb8 0-1

[Event "2nd Tungsram it"]
[Site "Budapest HUN"]
[Date "1976.08.??"]
[Round "15"]
[White "Kholmov, Ratmir"]
[Black "Weinstein, Norman"]
[Result "1/2-1/2"]
[WhiteElo "2550"]
[BlackElo "2430"]
[EventDate "1976.08.04"]
[PlyCount "43"]

1.e4 c5 2.Nf3 d6 3.d4 cxd4 4.Nxd4 Nf6 5.Nc3 Nc6 6.Bg5 e6 7.Qd2 a6 8.O-O-O 
Bd7 9.f4 b5 10.Nxc6 Bxc6 11.Qe3 Be7 12.Bxf6 Bxf6 13.e5 Be7 14.exd6 Bxd6 
15.Ne4 Bxe4 16.Qxe4 O-O 17.Bd3 g6 18.h4 Qf6 19.Rdf1 Rfd8 20.h5 Bf8 21.g4 
Rac8 22.g5 1/2-1/2

[Event "2nd Tungsram it"]
[Site "Budapest HUN"]
[Date "1976.08.??"]
[Round "15"]
[White "Mednis, Edmar John"]
[Black "Honfi, Karoly"]
[Result "1/2-1/2"]
[WhiteElo "2435"]
[BlackElo "2460"]
[EventDate "1976.08.04"]
[PlyCount "108"]

1.e4 e5 2.Nf3 Nc6 3.Bb5 a6 4.Ba4 Nf6 5.O-O Nxe4 6.d4 b5 7.Bb3 d5 8.dxe5 
Be6 9.a4 b4 10.c3 Nc5 11.Bc2 Bg4 12.Re1 Be7 13.h3 Bh5 14.Be3 Ne6 15.g4 Bg6
16.Bb3 Be4 17.Nbd2 Na5 18.Nxe4 Nxb3 19.Qxb3 dxe4 20.Nh2 h5 21.Qc4 hxg4 22.
hxg4 bxc3 23.bxc3 Kf8 24.Rad1 Qe8 25.Qxe4 g5 26.Nf3 Rd8 27.Kg2 Kg8 28.Rb1 
Qd7 29.Kg3 Qd3 30.Qxd3 Rxd3 31.Rb8+ Kg7 32.Rxh8 Kxh8 33.Rc1 Bc5 34.Bd2 Bb6
35.Kg2 Kg7 36.Bxg5 Rxf3 37.Kxf3 Nxg5+ 38.Ke2 Ne6 39.Rf1 Nf4+ 40.Kf3 Nd3 
41.Ke4 Nxf2+ 42.Kd5 a5 43.c4 Nd3 44.Rf3 Nb4+ 45.Ke4 c6 46.Rf1 Na6 47.Kf5 
Nc5 48.Ra1 Bd8 49.Rd1 Be7 50.Rb1 Ne6 51.Rb8 Bb4 52.Rc8 Bc3 53.Ke4 Nc5+ 54.
Kf5 Ne6 1/2-1/2